| 000 | 00915nam a2200265 i 4500 | ||
|---|---|---|---|
| 001 | 21479 | ||
| 003 | ES-MaACL | ||
| 005 | 20250901073940.0 | ||
| 007 | t| | ||
| 008 | 021126s1982 mx |||| | spa d | ||
| 020 | _a968-16-1265-5 | ||
| 100 | 1 |
_aAlbert, Pierre. _919317 |
|
| 245 | 1 | 0 |
_aHistoria de la radio y la televisión / _cpor Pierre Albert y André-Jean Tudesq ; [traducción de Diana Irene Galak C.]. |
| 250 | _a1ª ed. en español. | ||
| 260 |
_aMéxico : _bFondo de Cultura Económica, _c1982. |
||
| 300 |
_a176 p. ; _c18 cm. |
||
| 490 | 1 |
_aBreviarios del Fondo de Cultura Económica ; _v338 |
|
| 650 | 7 |
_aRadio- _vHistoria _2 _9165280 |
|
| 650 | 4 |
_aTelevisión- _vHistoria. _9165281 |
|
| 700 | 1 |
_aTudesq, A.-J. _9111637 |
|
| 700 | 1 |
_aGalak C., Diana Irene. _953282 |
|
| 830 | 0 |
_aBreviarios del Fondo de Cultura Económica ; _v338 _9179682 |
|
| 852 |
_aES-MaACL _jL-8435 |
||
| 999 |
_c21479 _d21479 |
||